000 00458nam a2200169Ia 4500
008 230917s9999||||xx |||||||||||||| ||und||
020 _cRS900
040 _e222193
_aMAIN
041 _aEnglish
082 _a647.94068 T543H
100 _aTiwari, Nagesh
245 0 _aHotel organization and management
260 _aNew Delhi
_bRandom Publications
_c2012
300 _aviii, 256 p.
500 _a1802 07/01/2015 TB996 16/01/2015 Main Budget
942 _cBK
999 _c13389
_d13389